[Event "It \"]
[Site "masterchessopen.com – Cairo (Egypt)"]
[Round "7"]
[White "Ahmed Ehab (EGY)"]
[Black "Ezat Mohamed (EGY)"]
[Result "0-1"]
[WhiteElo "2269"]
[BlackElo "2351"]

1.d4 Nf6 2.c4 g6 3.Nc3 Bg7 4.e4 d6 5.f3 O-O 6.Be3 Nc6 7.Nge2 a6 8.Qd2 Rb8
9.Rd1 Bd7 10.Nc1 e5 11.d5 Nd4 12.Nb3 Nxb3 13.axb3 Nh5 14.g3 f5 15.Bg2 b5
16.O-O f4 17.Bf2 fxg3 18.hxg3 g5 19.Ra1 g4 20.fxg4 Bxg4 21.Rxa6 bxc4 22.bxc4
Qc8 23.Ra7 Rf6 24.Nb5 Bh3 25.Qg5 Bxg2 26.Rxc7 Qh3 27.Qh4 Bxf1 28.Qxh3 Bxh3
{#R} 0-1

[Event "Ch European Union SCIPT"]
[Site "masterchessopen.com – Denmark"]
[Round "6"]
[White "Broekman Willem (NED)"]
[Black "Stypka Mieczyslaw (POL)"]
[Result "0-1"]
[WhiteElo "2155"]
[BlackElo "2249"]

1.d4 Nf6 2.c4 g6 3.Nc3 Bg7 4.e4 d6 5.f3 O-O 6.Be3 Nc6 7.Nge2 a6 8.Qd2 Rb8
9.Nc1 e5 10.Nb3 exd4 11.Nxd4 Ne5 12.Be2 c5 13.Nc2 Be6 14.b3 Qa5 15.O-O b5
16.cxb5 axb5 17.Rad1 b4 18.Na4 c4 19.Nd4 Bd7 20.f4 Neg4 21.Bxc4 Nxe4 22.Qe1
Nxe3 23.Qxe3 Rbe8 24.Qc1 Bxa4 25.bxa4 Nc3 26.Nb5 Nxd1 27.Rxd1 Rd8 28.f5 d5
29.Bxd5 Qxa4 30.Bxf7+ Kh8 31.Nd6 Rxd6 32.Rxd6 Qa7+ 33.Kh1 Qxf7 {#R} 0-1

[Event "It"]
[Site "masterchessopen.com – Gent (Belgium)"]
[Round "0"]
[White "Abolianin Arthur (BEL)"]
[Black "De Wit Dick (NED)"]
[Result "1-0"]
[WhiteElo "2252"]
[BlackElo "2242"]

1.d4 Nf6 2.c4 g6 3.Nc3 Bg7 4.e4 d6 5.f3 O-O 6.Be3 Nc6 7.Qd2 a6 8.Nge2 Rb8
9.O-O-O b5 10.h4 h5 11.Nd5 Nh7 12.Bh6 e6 13.Bxg7 Kxg7 14.Ne3 bxc4 15.g4 hxg4
16.fxg4 d5 17.h5 g5 18.Nc3 Ne7 19.Bg2 c6 20.Rhf1 Qa5 21.Rf2 Bd7 22.Rdf1 Rb6
23.Qc2 Be8 24.Bf3 Nc8 25.Be2 Nd6 26.e5 Nb5 27.Bxc4 Nxd4 28.Qd3 c5 29.Nexd5
exd5 30.Nxd5 Rc6 31.Ne7 Rb6 32.Nc8 Rb4 33.Nd6 {#r} 1-0

[Event "It (open)"]
[Site "masterchessopen.com – Paris (France)"]
[Round "2"]
[White "Bognar Csaba (HUN)"]
[Black "Carrasco Patrick (FRA)"]
[Result "1-0"]
[WhiteElo "2237"]
[BlackElo "2116"]

1.d4 Nf6 2.c4 g6 3.Nc3 Bg7 4.e4 d6 5.f3 O-O 6.Be3 Nc6 7.Nge2 a6 8.Qd2 Rb8
9.Nc1 e5 10.Nb3 Bd7 11.Be2 exd4 12.Nxd4 b5 13.O-O bxc4 14.Bxc4 Nxd4 15.Bxd4
Bb5 16.Nxb5 axb5 17.Be2 Nd7 18.Rac1 Bxd4+ 19.Qxd4 Nc5 20.b4 Ne6 21.Qd2 c5
22.Rfd1 Qf6 23.Bf1 Rfd8 24.Qf2 Nd4 25.bxc5 dxc5 26.Rxc5 Nxf3+ 27.Qxf3 Qxf3
28.Rxd8+ {#r} 1-0

[Event "It (open)"]
[Site "masterchessopen.com – Passau (Germany)"]
[Round "7"]
[White "Markl Martin (GER)"]
[Black "Hatarik Robert (GER)"]
[Result "0-1"]
[WhiteElo "2172"]
[BlackElo "2187"]

1.d4 Nf6 2.c4 g6 3.Nc3 Bg7 4.e4 d6 5.f3 O-O 6.Be3 Nc6 7.Nge2 a6 8.Qd2 Rb8 9.h4
h5 10.Nd5 b5 11.Nxf6+ Bxf6 12.Nc3 bxc4 13.Nd5 Bh8 14.Bxc4 Re8 15.g4 e6 16.Nf4
d5 17.Bd3 Nxd4 18.Qg2 Rxb2 19.Qg3 hxg4 20.Nxg6 Nxf3+ 21.Kf1 fxg6 22.Qxg4 Qf6
23.Bf4 e5 24.Qxf3 Qxf4 25.Qxf4 exf4 26.Rg1 dxe4 27.Bc4+ Kh7 28.Bf7 Bh3+ 29.Ke1
Bc3+ {#R} 0-1

[Event "Ch Croatia (juniors) (under 17)"]
[Site "masterchessopen.com – Pula (Croatia)"]
[Round "6"]
[White "Vukovic Nikola (CRO)"]
[Black "Ciganovic Nikola (CRO)"]
[Result "1-0"]
[WhiteElo "2177"]
[BlackElo "2255"]

1.d4 Nf6 2.c4 g6 3.Nc3 Bg7 4.e4 d6 5.f3 O-O 6.Be3 Nc6 7.Qd2 a6 8.Nge2 Rb8
9.Ng3 Bd7 10.h3 e5 11.d5 Nd4 12.Bd3 c5 13.dxc6 bxc6 14.O-O Be6 15.f4 c5 16.f5
Bd7 17.Bg5 Qb6 18.b3 Bc6 19.h4 h5 20.Nd5 Bxd5 21.exd5 e4 22.Bxf6 Bxf6 23.Nxe4
Be5 24.Qg5 Kh7 25.Nf6+ Bxf6 26.fxg6+ Kg7 27.Qxf6+ {#r} 1-0

[Event "It (open) \"]
[Site "masterchessopen.com – St. Petersburg (Russia)"]
[Round "7"]
[White "Ballo Harald (GER)"]
[Black "Nikolaev Nikita (RUS)"]
[Result "0-1"]
[WhiteElo "1981"]
[BlackElo "2308"]

1.d4 Nf6 2.c4 g6 3.Nc3 Bg7 4.e4 d6 5.f3 O-O 6.Be3 Nc6 7.Nge2 a6 8.Qd2 Rb8
9.Nc1 e5 10.d5 Nd4 11.N1e2 c5 12.dxc6 Nxc6 13.Rd1 Be6 14.Nd5 b5 15.cxb5 axb5
16.Nxf6+ Bxf6 17.Nc3 Nd4 18.b4 Bh4+ 19.Bf2 Rc8 20.Bd3 Bxf2+ 21.Kxf2 Qb6 22.Kg3
f5 23.h3 f4+ 24.Kh2 Rxc3 {#R} 0-1

[Event "It (open)"]
[Site "masterchessopen.com – Sulzfeld (Germany)"]
[Round "2"]
[White "Biri Erwin"]
[Black "Osmanovic Faruk (GER)"]
[Result "0-1"]
[WhiteElo "1788"]
[BlackElo "2102"]

1.d4 Nf6 2.c4 g6 3.Nc3 Bg7 4.e4 d6 5.f3 O-O 6.Be3 Nc6 7.Nge2 a6 8.Qd2 Rb8
9.Ng3 e5 10.d5 Nd4 11.Bxd4 exd4 12.Qxd4 Nxe4 13.Qa7 Nxc3 {#R} 0-1

[Event "It (open)"]
[Site "masterchessopen.com – Sulzfeld (Germany)"]
[Round "3"]
[White "Hubel Merten (GER)"]
[Black "Fuchs Heinz (GER)"]
[Result "0-1"]
[WhiteElo "2093"]
[BlackElo "2329"]

1.d4 Nf6 2.c4 g6 3.Nc3 Bg7 4.e4 d6 5.f3 O-O 6.Be3 Nc6 7.Nge2 a6 8.Qd2 Rb8
9.Bh6 Bxh6 10.Qxh6 e5 11.O-O-O exd4 12.Nxd4 Nxd4 13.Rxd4 Nh5 14.Nd5 c6 15.g4
cxd5 16.gxh5 dxe4 17.hxg6 fxg6 18.c5 Be6 19.Rxd6 Qe7 20.Rg1 Rf6 21.Qg5 exf3
22.Bh3 f2 23.Rgd1 Re8 24.Bxe6+ Rxe6 25.Qd5 Qf7 26.Rd8 Rxd8 27.Qxd8+ Re8 28.Qd3
Qxa2 {#R} 0-1

[Event "It (open)"]
[Site "masterchessopen.com – Tampere (Finland)"]
[Round "2"]
[White "Sammalvuo Tapani (FIN)"]
[Black "Vakeva Jani (FIN)"]
[Result "1-0"]
[WhiteElo "2393"]
[BlackElo "2180"]

1.d4 Nf6 2.c4 g6 3.Nc3 Bg7 4.e4 d6 5.f3 O-O 6.Be3 Nc6 7.Nge2 a6 8.Qd2 Rb8
9.Nc1 e5 10.d5 Nd4 11.N1e2 c5 12.dxc6 Nxc6 13.Nc1 b5 14.cxb5 axb5 15.Bxb5 Nd4
16.Bd3 Nh5 17.O-O f5 18.N1e2 f4 19.Bc4+ Kh8 20.Bf2 Bh3 21.Nxd4 Qg5 22.Bh4 Qxh4
23.Ne6 Rfc8 24.Nxg7 Rxc4 25.Nxh5 Rd4 26.Qf2 Qg5 27.Nxf4 Bc8 28.g3 Ba6 29.Ne6
Qd2 30.Nxd4 {#r} 1-0

[Event "Ch World (juniors) (under 20)"]
[Site "masterchessopen.com – Yerevan (Armenia)"]
[Round "3"]
[White "Bognar Csaba (HUN)"]
[Black "Bakhtadze Giorgi (GEO)"]
[Result "0-1"]
[WhiteElo "2237"]
[BlackElo "2403"]

1.d4 Nf6 2.c4 g6 3.Nc3 Bg7 4.e4 d6 5.f3 O-O 6.Be3 Nc6 7.Qd2 a6 8.Nge2 Rb8
9.Nc1 e5 10.Nb3 exd4 11.Nxd4 Ne5 12.Be2 c5 13.Nc2 Be6 14.Na3 Qa5 15.O-O Rbd8
16.Rad1 Nc6 17.Nd5 Qxd2 18.Rxd2 Bxd5 19.exd5 Nd4 20.Bxd4 cxd4 21.Rxd4 Rfe8
22.Rd2 Nd7 23.b3 Bc3 24.Rc2 Bd4+ 25.Kh1 Re7 26.Rd1 Bc5 27.Nb1 Rde8 28.Bf1 f5
29.g3 Re3 30.Kg2 Ne5 31.f4 Nf3 32.Rc3 Re2+ {#R} 0-1

[Event "It (open)"]
[Site "masterchessopen.com – Zaragoza (Spain)"]
[Round "7"]
[White "Estremera Panos Sergio (ESP)"]
[Black "Mimbela Lopez Miguel A (ESP)"]
[Result "0-1"]
[WhiteElo "2387"]
[BlackElo "2222"]

1.d4 Nf6 2.c4 g6 3.Nc3 Bg7 4.e4 d6 5.f3 O-O 6.Be3 Nc6 7.Qd2 a6 8.Nge2 Rb8
9.Nc1 e5 10.d5 Nd4 11.N1e2 Nxe2 12.Bxe2 Nh5 13.O-O-O f5 14.g3 Nf6 15.Bg5 Qe8
16.Rhg1 b5 17.cxb5 axb5 18.b4 fxe4 19.Nxe4 Nxd5 20.Qxd5+ Be6 21.Qd3 Ra8 22.a3
Bc4 23.Qe3 Bxe2 24.Qxe2 Rxa3 25.Qc2 Qe6 26.Qc6 Rfxf3 27.Kd2 h6 28.Ra1 Rfd3+
29.Kc2 Qb3+ {#R} 0-1

[Event "It (young masters)"]
[Site "masterchessopen.com – Hania (Greece)"]
[Date "1999.08.29"]
[Round "9"]
[White "Solidakis Nektarios (GRE)"]
[Black "Papathanasiou Panayotis (GRE)"]
[Result "0-1"]
[WhiteElo "1905"]
[BlackElo "2131"]

1.d4 Nf6 2.c4 g6 3.Nc3 Bg7 4.e4 d6 5.f3 O-O 6.Be3 Nc6 7.Nge2 a6 8.Qd2 Rb8 9.d5
Ne5 10.Nd4 c5 11.Nc2 Bd7 12.Be2 b5 13.cxb5 axb5 14.b3 b4 15.Nd1 Qb6 16.O-O Bb5
17.Nb2 Qa6 18.Bxb5 Qxb5 19.a3 bxa3 20.Rxa3 Nfd7 21.Na4 Qd3 22.f4 Qxd2 23.Bxd2
Nd3 24.Rf3 Nb4 25.Ne1 f5 {#R} 0-1

[Event "It (open)"]
[Site "masterchessopen.com – Bad Wiessee (Germany)"]
[Round "7"]
[White "Jovanovic Alexandar (SRB)"]
[Black "Kercher Peter (GER)"]
[Result "0-1"]
[WhiteElo "2263"]
[BlackElo "2169"]

1.d4 Nf6 2.c4 g6 3.Nc3 Bg7 4.e4 d6 5.f3 O-O 6.Be3 Nc6 7.Nge2 a6 8.Qd2 Rb8 9.h4
e5 10.d5 Na5 11.Nc1 c5 12.g4 Bd7 13.h5 b5 14.hxg6 fxg6 15.Bh6 Bxh6 16.Qxh6 Rf7
17.b3 bxc4 18.Bxc4 Nxc4 19.bxc4 Qa5 20.Qd2 Rbf8 21.N3e2 Qa4 22.Qc3 Bxg4
23.fxg4 Nxe4 24.Qb2 Qa5+ 25.Kd1 Rf1+ 26.Rxf1 Rxf1+ 27.Kc2 Qd2+ 28.Kb1 Qd3+
29.Qc2 Nd2+ 30.Kb2 Nxc4+ {#R} 0-1

[Event "It (open) \"]
[Site "masterchessopen.com – Belgium"]
[Round "0"]
[White "Van Beers Eddy (BEL)"]
[Black "Maes Wim (BEL)"]
[Result "1-0"]
[WhiteElo "2346"]
[BlackElo "2305"]

1.d4 Nf6 2.c4 g6 3.Nc3 Bg7 4.e4 d6 5.f3 O-O 6.Be3 Nc6 7.Nge2 a6 8.Qd2 Rb8 9.h4
h5 10.O-O-O b5 11.Bh6 Bxh6 12.Qxh6 e5 13.g4 Bxg4 14.dxe5 Nxe5 15.fxg4 Nfxg4
16.Qf4 bxc4 17.Nd4 c5 18.Nf3 Nf2 19.Nxe5 Nxd1 20.Nc6 Qb6 21.Ne7+ Kh7 22.Nxd1
c3 23.Nf5 cxb2+ 24.Kb1 {#r} 1-0

[Event "It (open)"]
[Site "masterchessopen.com – Biel (Switzerland)"]
[Round "1"]
[White "Riazantsev Alexander (RUS)"]
[Black "Balcerak Philipp (GER)"]
[Result "1-0"]
[WhiteElo "2418"]
[BlackElo "2120"]

1.d4 Nf6 2.c4 g6 3.Nc3 Bg7 4.e4 O-O 5.Be3 d6 6.f3 Nc6 7.Nge2 a6 8.Qd2 Rb8
9.Nc1 e5 10.d5 Ne7 11.c5 Nh5 12.Nd3 f5 13.O-O-O Bd7 14.Kb1 Kh8 15.Be2 Nf6
16.h3 f4 17.Bf2 Nh5 18.Rc1 Ng8 19.Bd1 Bh6 20.Ba4 Ngf6 21.Rc2 Qe8 22.Bxd7 Nxd7
23.Rhc1 Qe7 24.Na4 Nhf6 25.c6 b5 26.cxd7 bxa4 27.Rxc7 Nxd7 28.Qa5 Qd8 29.Qxa6
Nc5 30.Bxc5 {#r} 1-0

[Event "It (open)"]
[Site "masterchessopen.com – Bolzano (Italy)"]
[Round "2"]
[White "Schacher Gerd (ITA)"]
[Black "Erschbaumer Helmut (ITA)"]
[Result "1-0"]
[WhiteElo "2245"]
[BlackElo "2167"]

1.c4 Nf6 2.Nc3 g6 3.e4 d6 4.d4 Bg7 5.f3 O-O 6.Be3 Nc6 7.Nge2 a6 8.Qd2 Rb8 9.h4
h5 10.O-O-O b5 11.Bh6 bxc4 12.g4 hxg4 13.h5 Nb4 14.Ng3 Nd3+ 15.Bxd3 cxd3
16.Bxg7 Kxg7 17.hxg6 fxg6 18.Qh6+ Kf7 19.e5 dxe5 20.dxe5 Ne8 21.fxg4 Rg8
22.Qf4+ Kg7 23.Rh7+ Kxh7 24.Qf7+ Kh6 25.Rh1+ Kg5 26.Nge4+ Kxg4 27.Rg1+ {#r}
1-0

[Event "It (a)"]
[Site "masterchessopen.com – Budapest (Hungary)"]
[Round "9"]
[White "Rajlich Vasik G (USA)"]
[Black "Kahn Evarth Dr (HUN)"]
[Result "0-1"]
[WhiteElo "2209"]
[BlackElo "2346"]

1.d4 Nf6 2.c4 g6 3.Nc3 Bg7 4.e4 d6 5.f3 O-O 6.Be3 Nc6 7.Qd2 a6 8.Nge2 Rb8 9.h4
b5 10.h5 e5 11.d5 Na5 12.Ng3 bxc4 13.O-O-O Bd7 14.hxg6 fxg6 15.Nb1 Rb5 16.b4
Qb8 17.Na3 Rxb4 18.Qc3 Ba4 19.Bd2 Nxd5 20.exd5 Nb3+ 21.axb3 Rxb3 22.Qxc4 e4
23.Nb5 Rxb5 24.Qxe4 Rc5+ 25.Bc3 Rxc3+ 26.Kd2 Qb2+ 27.Ke1 Re8 {#R} 0-1

[Event "It (a)"]
[Site "masterchessopen.com – Budapest (Hungary)"]
[Round "13"]
[White "Harakis Alexis (ENG)"]
[Black "Kahn Evarth Dr (HUN)"]
[Result "0-1"]
[WhiteElo "2159"]
[BlackElo "2346"]

1.d4 Nf6 2.c4 g6 3.Nc3 Bg7 4.e4 d6 5.f3 O-O 6.Nge2 Nc6 7.Be3 a6 8.Qd2 Rb8 9.h4
b5 10.h5 e5 11.d5 Na5 12.Ng3 bxc4 13.O-O-O Bd7 14.Bh6 Bxh6 15.Qxh6 Rb4 16.Rd2
Qb8 17.Be2 Qb6 18.Rc2 Rb8 19.Qd2 Nb3+ 20.axb3 cxb3 21.Nd1 Qa5 22.Qc3 bxc2
23.Kxc2 Ba4+ {#R} 0-1

[Event "It (b)"]
[Site "masterchessopen.com – Budapest (Hungary)"]
[Round "3"]
[White "Rajlich Vasik G (USA)"]
[Black "Zalkind Konstantin (ISR)"]
[Result "1-0"]
[WhiteElo "2209"]
[BlackElo "2252"]

1.d4 Nf6 2.c4 g6 3.Nc3 Bg7 4.e4 d6 5.f3 O-O 6.Be3 Nc6 7.Qd2 a6 8.Nge2 Rb8 9.h4
b5 10.h5 bxc4 11.Bh6 Nb4 12.Ng3 Bxh6 13.Qxh6 Nc2+ 14.Kd1 Nxa1 15.hxg6 fxg6
16.Nd5 Be6 17.Nf4 Bf7 18.Nfh5 Nxh5 19.Rxh5 Re8 20.Qxh7+ Kf8 21.Qh6+ {#r} 1-0

[Event "It (cat.3)"]
[Site "masterchessopen.com – Budapest (Hungary)"]
[Round "10"]
[White "Yu Mingyuan (CHN)"]
[Black "Cooke Eric (USA)"]
[Result "0-1"]
[WhiteElo "2319"]
[BlackElo "2275"]

1.d4 Nf6 2.c4 g6 3.Nc3 Bg7 4.e4 d6 5.f3 O-O 6.Be3 Nc6 7.Qd2 a6 8.Nge2 Rb8 9.h4
b5 10.h5 bxc4 11.Ng3 e5 12.d5 Nd4 13.O-O-O c5 14.Bh6 Qa5 15.Bxg7 Kxg7 16.f4
exf4 17.Nge2 Nxe4 18.h6+ Kg8 19.Nxe4 Qxa2 20.Qc3 Rb3 21.Nxd4 Rxc3+ 22.Nxc3 Qa5
23.Nc6 Qa1+ 24.Nb1 Bf5 25.Ne7+ Kh8 26.Nxf5 Rb8 27.Rd2 c3 28.Re2 cxb2+ 29.Kc2
Qa4+ 30.Kd2 Qb4+ 31.Kc2 Qc4+ 32.Kd2 Qc1+ {#R} 0-1

[Event "It (cat.4)"]
[Site "masterchessopen.com – Budapest (Hungary)"]
[Round "4"]
[White "Cooke Eric (USA)"]
[Black "Zimmerman Yuri (ISR)"]
[Result "0-1"]
[WhiteElo "2275"]
[BlackElo "2379"]

1.e4 d6 2.d4 Nf6 3.f3 g6 4.c4 Bg7 5.Nc3 O-O 6.Be3 a6 7.Qd2 Nc6 8.Nge2 Rb8 9.h4
h5 10.Bh6 b5 11.g4 hxg4 12.h5 gxf3 13.Bxg7 Kxg7 14.Ng3 f2+ 15.Qxf2 e5 16.d5
Nd4 17.O-O-O Bg4 18.Nce2 Nxh5 19.Nxh5+ Bxh5 20.Nxd4 exd4 21.Rxd4 Qg5+ 22.Kb1
bxc4 23.Rh3 Rbe8 24.Rg3 Qf6 25.Qd2 Rh8 {#R} 0-1

[Event "It (cat.9)"]
[Site "masterchessopen.com – Budapest (Hungary)"]
[Round "4"]
[White "Nguyen Anh Dung (VIE)"]
[Black "Wang Rui (CHN)"]
[Result "1-0"]
[WhiteElo "2487"]
[BlackElo "2526"]

1.d4 Nf6 2.c4 g6 3.Nc3 Bg7 4.e4 d6 5.f3 O-O 6.Be3 a6 7.Qd2 Nc6 8.Nge2 Rb8 9.h4
h5 10.O-O-O b5 11.Nd5 bxc4 12.Nxf6+ Bxf6 13.g4 hxg4 14.h5 e5 15.hxg6 fxg6
16.Nc3 Nxd4 17.Bxd4 exd4 18.Bxc4+ Rf7 19.Bxf7+ Kxf7 20.Nd5 Bg7 21.fxg4 d3
22.Rh7 Qg8 23.Qg5 {#r} 1-0

[Event "It (open) \"]
[Site "masterchessopen.com – Budapest (Hungary)"]
[Round "9"]
[White "Kis Bela (HUN)"]
[Black "Horvath Gabor (HUN)"]
[Result "0-1"]
[WhiteElo "2215"]
[BlackElo "2100"]

1.d4 Nf6 2.c4 g6 3.Nc3 Bg7 4.e4 d6 5.f3 O-O 6.Be3 Nc6 7.Nge2 a6 8.Qd2 Rb8 9.h4
h5 10.O-O-O b5 11.Nf4 b4 12.Ncd5 Nh7 13.g4 e6 14.gxh5 exd5 15.hxg6 fxg6
16.cxd5 Ne7 17.Bh3 c6 18.Be6+ Bxe6 19.Nxe6 Qa5 20.Kb1 Rxf3 21.Bh6 Ra3 22.Bxg7
Rxa2 23.Qe1 Qa4 24.Kc1 Qb3 25.Qe2 cxd5 26.Qc2 Rc8 27.Nc5 Ra1+ 28.Kd2 Rxd1+
29.Rxd1 Qxc2+ 30.Kxc2 Kxg7 {#R} 0-1

[Event "It (open)"]
[Site "masterchessopen.com – Cappelle la Grande (France)"]
[Round "7"]
[White "Bae Torstein (NOR)"]
[Black "Bobras Piotr (POL)"]
[Result "1-0"]
[WhiteElo "2246"]
[BlackElo "2393"]

1.d4 Nf6 2.c4 g6 3.Nc3 Bg7 4.e4 d6 5.f3 O-O 6.Be3 a6 7.Nge2 Nc6 8.Qd2 Rb8 9.h4
h5 10.O-O-O b5 11.Bh6 e5 12.Nd5 Bxh6 13.Qxh6 Nxd4 14.Nxd4 exd4 15.g4 Be6
16.gxh5 Nxh5 17.Rg1 Ng7 18.h5 c6 19.hxg6 fxg6 20.Rxg6 Rb7 21.Be2 {#r} 1-0

[Event "It (open)"]
[Site "masterchessopen.com – Cesenatico (Italy)"]
[Round "5"]
[White "Di Lao Riccardo (ITA)"]
[Black "Voltolini Giuseppe (ITA)"]
[Result "0-1"]
[WhiteElo "2138"]
[BlackElo "2279"]

1.d4 Nf6 2.c4 g6 3.Nc3 Bg7 4.e4 d6 5.f3 O-O 6.Be3 Nc6 7.Qd2 a6 8.Nge2 Rb8
9.Rc1 Bd7 10.Ng3 e5 11.dxe5 Nxe5 12.c5 Be6 13.Nd5 Bxd5 14.exd5 Re8 15.Be2 dxc5
16.Rxc5 b6 17.Rc1 Nxd5 18.Bg5 f6 19.Bh6 Bxh6 20.Qxh6 Nd3+ 21.Kd2 N5f4 22.Rc3
Nb4+ 23.Kc1 Nxe2+ 24.Nxe2 Rxe2 {#R} 0-1

[Event "It"]
[Site "masterchessopen.com – Cuxhaven (Germany)"]
[Round "8"]
[White "Czerwonski Aleksander (POL)"]
[Black "Voekler Bernd (GER)"]
[Result "1-0"]
[WhiteElo "2378"]
[BlackElo "2345"]

1.d4 Nf6 2.c4 g6 3.Nc3 Bg7 4.e4 d6 5.f3 O-O 6.Be3 Nc6 7.Nge2 a6 8.Qd2 Rb8 9.h4
h5 10.Bh6 b5 11.O-O-O e6 12.g4 b4 13.Nb1 hxg4 14.h5 gxf3 15.Bxg7 fxe2 16.Qh6
Nh7 17.Bxe2 Qg5+ 18.Qxg5 Nxg5 19.Bxf8 Kxf8 20.hxg6 fxg6 21.Rhg1 Nxe4 22.Rxg6
Ne7 23.Rf1+ Nf5 24.d5 Ke7 25.Bd3 Nc5 26.Bc2 Kf7 27.Rxe6 {#r} 1-0

[Event "Czech League 1999/00 (2nd)"]
[Site "masterchessopen.com – Czech Republic"]
[Round "0"]
[White "Onderek David (CZE)"]
[Black "Rehak Martin (CZE)"]
[Result "0-1"]
[WhiteElo "2107"]
[BlackElo "2200"]

1.d4 Nf6 2.c4 g6 3.Nc3 Bg7 4.e4 d6 5.f3 O-O 6.Be3 Nc6 7.Nge2 a6 8.Qd2 Rb8 9.g4
h5 10.gxh5 Nxh5 11.Ng3 e5 12.d5 Nd4 13.Bg2 Nf4 14.O-O-O Qh4 15.Rdg1 c5 16.Kb1
Bh6 17.Nd1 b5 18.cxb5 axb5 19.Qf2 Kh7 20.Qf1 Bd7 21.Bf2 Qd8 22.Bxd4 exd4
23.Ne2 Nxe2 24.Qxe2 Qa5 25.h4 Ra8 26.b3 d3 27.Qf2 d2 28.Kc2 Qxa2+ 29.Nb2 c4
30.Kd1 {#R} 0-1

[Event "Bundesliga (2nd) North 1999/00"]
[Site "masterchessopen.com – Germany"]
[Round "0"]
[White "Hoi Carsten (DEN)"]
[Black "Muse Mladen (CRO)"]
[Result "1-0"]
[WhiteElo "2408"]
[BlackElo "2510"]

1.d4 Nf6 2.c4 g6 3.Nc3 Bg7 4.e4 d6 5.f3 O-O 6.Be3 a6 7.Nge2 Nc6 8.Qd2 Rb8 9.g4
b5 10.O-O-O Na5 11.Ng3 Be6 12.d5 b4 13.Nb1 Bxg4 14.fxg4 Nxg4 15.h4 Nxe3
16.Qxe3 e6 17.Rd2 Re8 18.h5 exd5 19.cxd5 c6 20.hxg6 hxg6 21.Nf5 gxf5 22.Rg2
Qf6 23.Rhg1 Rxe4 24.Rxg7+ Kf8 25.Rg8+ Ke7 26.Qa7+ Rb7 27.Qa8 Qh6+ 28.Nd2 Kf6
29.Qd8+ Ke5 30.Qxa5 cxd5 31.Re8+ Kd4 {#r} 1-0

[Event "Ch Hungary (team) 2000/01"]
[Site "masterchessopen.com – Hungary"]
[Round "3"]
[White "Kis Bela (HUN)"]
[Black "Glatt Gabor (HUN)"]
[Result "1-0"]
[WhiteElo "2215"]
[BlackElo "2292"]

1.d4 Nf6 2.c4 g6 3.Nc3 Bg7 4.e4 d6 5.f3 O-O 6.Be3 Nc6 7.Qd2 a6 8.Nge2 Rb8 9.h4
h5 10.O-O-O b5 11.Nf4 b4 12.Ncd5 Ne8 13.g4 e6 14.gxh5 exd5 15.cxd5 Ne7 16.hxg6
fxg6 17.h5 gxh5 18.Bc4 Rf7 19.Rdg1 h4 20.Qf2 Rxf4 21.Bxf4 h3 22.Qh4 Bd7 23.Bh6
Ng6 24.Qh5 Qf6 25.Rxg6 Qxd4 26.Bxg7 Nxg7 27.Rhg1 Qxc4+ 28.Kb1 Qd3+ 29.Ka1 Qd4
30.Qh6 {#r} 1-0

[Event "It (open)"]
[Site "masterchessopen.com – Kassel (Germany)"]
[Round "7"]
[White "Schenk Uwe Dr (GER)"]
[Black "Klink Tamara (GER)"]
[Result "0-1"]
[WhiteElo "2148"]
[BlackElo "2336"]

1.d4 Nf6 2.c4 g6 3.Nc3 Bg7 4.e4 d6 5.f3 O-O 6.Be3 Nc6 7.Nge2 a6 8.Qd2 Rb8 9.h4
h5 10.O-O-O b5 11.Bh6 bxc4 12.g4 e5 13.Bxg7 Kxg7 14.g5 Nd7 15.f4 Nb6 16.Qe3
Qe8 17.Bg2 Bg4 18.Bf3 Bxf3 19.Qxf3 Nb4 20.fxe5 dxe5 21.Rhg1 Na4 22.Ng3 Rb6
23.Nd5 Nxd5 24.exd5 Nxb2 25.d6 Qe6 26.Qf6+ Qxf6 27.gxf6+ Kxf6 28.dxe5+ Kxe5
29.Rge1+ Kf6 30.Ne4+ Kg7 31.Nc5 Nxd1 {#R} 0-1

[Event "It (open)"]
[Site "masterchessopen.com – Madrid (Spain)"]
[Round "4"]
[White "Spraggett Kevin (CAN)"]
[Black "Haak Eelco (NED)"]
[Result "1-0"]
[WhiteElo "2501"]
[BlackElo "2194"]

1.d4 Nf6 2.c4 g6 3.Nc3 Bg7 4.e4 d6 5.f3 O-O 6.Nge2 Nc6 7.Be3 a6 8.Qd2 Rb8
9.Nc1 e5 10.d5 Nd4 11.Nb3 c5 12.dxc6 bxc6 13.Nxd4 exd4 14.Bxd4 c5 15.Be3 Qa5
16.Rc1 Qb4 17.b3 Bd7 18.Be2 a5 19.O-O Rb6 20.a4 Qa3 21.Bd1 Rfb8 22.Nb5 Bxb5
23.cxb5 Nd7 24.Bc2 Bb2 25.Rcd1 Ne5 26.Kh1 Qb4 27.Qxb4 axb4 28.f4 Ng4 29.Bg1
Ra8 30.e5 Bd4 31.Rxd4 cxd4 32.Bxd4 {#r} 1-0

[Event "Ch Paris (open)"]
[Site "masterchessopen.com – Paris (France)"]
[Round "6"]
[White "Mensch Etienne (FRA)"]
[Black "Simon Olivier (FRA)"]
[Result "1-0"]
[WhiteElo "2302"]
[BlackElo "2174"]

1.d4 Nf6 2.c4 g6 3.Nc3 Bg7 4.e4 d6 5.f3 O-O 6.Be3 Nc6 7.Nge2 a6 8.Qd2 Rb8
9.O-O-O b5 10.h4 h5 11.g4 bxc4 12.Bh6 Bxg4 13.Bxg7 Kxg7 14.fxg4 Nxg4 15.Kb1
Rb7 16.Bh3 Nf2 17.Ng3 Nd3 18.Nf5+ {#r} 1-0

[Event "It (open)"]
[Site "masterchessopen.com – Polanica Zdroj (Poland)"]
[Round "5"]
[White "Meinert Tomasz (POL)"]
[Black "Gaponenko Inna (UKR)"]
[Result "0-1"]
[WhiteElo "2207"]
[BlackElo "2375"]

1.d4 Nf6 2.c4 g6 3.Nc3 Bg7 4.e4 d6 5.f3 O-O 6.Be3 Nc6 7.Qd2 a6 8.Nge2 Rb8 9.h4
b5 10.O-O-O e5 11.d5 Na5 12.Ng3 b4 13.Nb1 Bd7 14.Bh6 Ba4 15.Bxg7 Kxg7 16.Re1
Bb3 17.h5 Bxa2 18.Qg5 Nb3+ 19.Kc2 Nd4+ 20.Kc1 h6 21.Qe3 Rh8 22.Nd2 c5 23.hxg6
fxg6 24.Be2 Qa5 25.Bd1 b3 26.Rh3 Nc2 27.Bxc2 bxc2 28.Kxc2 Qa4+ 29.Kc1 Bb3
30.Nb1 Qa1 31.Qc3 Ba2 32.Qc2 Rb4 33.Ne2 Rhb8 {#R} 0-1

[Event "Ch Commonwealth"]
[Site "masterchessopen.com – Sangli (India)"]
[Round "5"]
[White "Sudan V K V (IND)"]
[Black "Saravanan V (IND)"]
[Result "0-1"]
[WhiteElo "2064"]
[BlackElo "1958"]

1.d4 Nf6 2.c4 g6 3.Nc3 Bg7 4.e4 d6 5.f3 O-O 6.Be3 a6 7.Nge2 Nc6 8.Qd2 Rb8
9.Bh6 b5 10.h4 bxc4 11.h5 Nb4 12.Ng3 Bxh6 13.Qxh6 Nc2+ 14.Kd1 Nxd4 15.hxg6
fxg6 16.Nd5 Rf7 17.Nxf6+ exf6 18.Bxc4 Be6 19.Bxe6 Nxe6 20.f4 Qd7 21.f5 Nf8
22.Rc1 Rxb2 23.Rh2 d5 24.e5 fxe5 25.Qe3 Qb5 26.fxg6 Rf1+ 27.Nxf1 Qxf1+ {#R}
0-1

[Event "Ch Russia (juniors) (under 14)"]
[Site "masterchessopen.com – Toljatti (Russia)"]
[Round "6"]
[White "Gunin Pavel (RUS)"]
[Black "Krylov Mikhail (RUS)"]
[Result "1-0"]
[WhiteElo "2128"]
[BlackElo "2269"]

1.d4 Nf6 2.c4 g6 3.Nc3 Bg7 4.e4 d6 5.f3 O-O 6.Be3 Nc6 7.Nge2 a6 8.Qd2 Rb8 9.a3
Re8 10.b4 e5 11.d5 Nd4 12.Nxd4 exd4 13.Bxd4 c5 14.Bf2 Nd7 15.Bd3 b6 16.O-O Ne5
17.Rac1 Bd7 18.Rfe1 Rc8 19.Ne2 f5 20.Bg3 fxe4 21.fxe4 Rf8 22.Bf4 Qh4 23.Rf1
Ng4 24.h3 Rxf4 25.Qxf4 Rf8 26.Qxd6 Nf2 27.Qxd7 g5 28.g3 Nxh3+ 29.Kg2 Nf4+
30.Nxf4 gxf4 31.gxh4 {#r} 1-0